Huracan Mitch: una mirada a algunas tendencias temáticas para la reducción del riesgo /
Salvato in:
| Enti autori: | , |
|---|---|
| Natura: | testo |
| Pubblicazione: |
San José:
Estrategia Internacional para la Reducción de Desastres
|
| Tags: |
Aggiungi Tag
Nessun Tag, puoi essere il primo ad aggiungerne!!
|
MARC
| LEADER | 00000 a a2200000 04500 | ||
|---|---|---|---|
| 001 | 30963 | ||
| 003 | |||
| 040 | |a CRAI/IIS |c CRAI/IIS | ||
| 020 | |a 9968-822-01-9 | ||
| 090 | |a 197303 | ||
| 110 | |a Estrategia Internacional para la Reducción de Desastres | ||
| 245 | |a Huracan Mitch: una mirada a algunas tendencias temáticas para la reducción del riesgo / |c Estrategia Internacional para la Reducción de Desastres | ||
| 260 | |a San José: |b Estrategia Internacional para la Reducción de Desastres | ||
| 300 | |a 251 p. |b il. | ||
| 710 | |a comp. |a Organización Panamericana de la Salud |a comp. | ||
| 999 | |c 2553 |d 2553 | ||



